LEADER 01135nam--2200385---450- 001 990003245080203316 005 20090514123029.0 010 $a978-90-272-2305-0 035 $a000324508 035 $aUSA01000324508 035 $a(ALEPH)000324508USA01 035 $a000324508 100 $a20090514d2008----km-y0itay50------ba 101 $aeng 102 $aNL 105 $a||||||||001yy 200 1 $aCorpora and discourse$ethe challenges of different settings$fedited by Annelie Adel and Randi Reppen 210 $aAmsterdam$aPhiladelphia$cJohn Benjamins$dcopyr. 2008 215 $aVI, 295 p.$d25 cm 225 2 $aStudies in corpus linguistics$v31 410 0$12001$aStudies in corpus linguistics 454 1$12001 461 1$1001-------$12001 606 0 $aAnalisi del discorso 676 $a401.410285 700 1$aÄDEL,$bAnnelie$0600189 701 1$aREPPEN,$0604163 801 0$aIT$bsalbc$gISBD 912 $a990003245080203316 951 $aI.8.F.24$b9101 DSLL 959 $aBK 969 $aDSLL 979 $aDSLL$b90$c20090514$lUSA01$h1230 996 $aCorpora and discourse$91013127 997 $aUNISA LEADER 01370nam 2200349Ia 450 001 996395150803316 005 20221108091805.0 035 $a(CKB)4330000000317591 035 $a(EEBO)2240974630 035 $a(OCoLC)12336413 035 $a(EXLCZ)994330000000317591 100 $a19850801d1676 uy | 101 0 $aeng 135 $aurbn||||a|bb| 200 12$aA defence of the discourse concerning the idolatry practised in the Church of Rome$b[electronic resource] $ein answer to a book entituled, Catholicks no idolators /$fby Ed. Stillingfleet .. 210 $aLondon $cPrinted by Robert White for Henry Mortlock ...$d1676 215 $a2 v. ([28], 347, [2]; 349-877 p.) 300 $aReproduction of original in Huntington Library. 300 $aTable of contents: p. [25]-[27] 300 $aVol. 2 has title: The second part of the answer to T.G., being a defence of the charge of idolatry practised in the Roman church, in the worship of images. 330 $aeebo-0113 606 $aIdolatry$vEarly works to 1800 615 0$aIdolatry 700 $aStillingfleet$b Edward$f1635-1699.$01002572 801 0$bEAA 801 1$bEAA 801 2$bm/c 801 2$bWaOLN 906 $aBOOK 912 $a996395150803316 996 $aA defence of the discourse concerning the idolatry practised in the Church of Rome$92413490 997 $aUNISA